Music Quiz

Random Music or Lyrics Quiz

'Ice Ice Baby' Like A... Quiz Stats

 Plays Quiz Updated Oct 11, 2014

Also try: Mambo No. 5 Girls
Challenge
Share
Tweet
Embed
Score 0/10 Timer 03:00
2 Plays Today
Simile/Metaphor Missing Lyrics % Correct
Light-up a stage and wax a chump like a _____candle
81%
To the extreme I rock a mic like a _____vandal
78.7%
Cooking MCs like a pound of _____bacon
78.6%
I'm killing your brain like a poisonous _____mushroom
74.9%
[If my] rhyme was a drug I'd sell it by the ____gram
58.4%
Gunshots ranged out like a _____bell
54.9%
Flow like a _____ daily and nightlyharpoon
54.4%
Cut like a _____ _____razor blade
46.6%
Slice like a _____ninja
38%
'Cause my style's like a _______ ____chemical spill
28.8%

You're not logged in!

Compare scores with friends on all Sporcle quizzes.
OR
Log In

You Might Also Like...

Show Comments

Extras

Top Quizzes Today


Score Distribution

Your Account Isn't Verified!

In order to create a playlist on Sporcle, you need to verify the email address you used during registration. Go to your Sporcle Settings to finish the process.

Report this User

Report this user for behavior that violates our Community Guidelines.

Details: